[Event "EU-ch U14 27th"]
[Site "Mamaia"]
[Date "2017.09.08"]
[Round "4"]
[White "Fidalgo, Daniel Neves"]
[Black "Budisavljevic, Luka"]
[Result "0-1"]
[WhiteElo "1912"]
[BlackElo "2272"]
[PlyCount "96"]
[EventDate "2017.09.05"]
[EventType "swiss"]
[EventRounds "9"]
[EventCountry "ROU"]
[SourceTitle "CBM 180 Extra"]
[Source "ChessBase"]
[SourceDate "2017.10.06"]
[SourceVersion "1"]
[SourceVersionDate "2017.10.06"]
[SourceQuality "1"]

1. c4 Nf6 2. Nc3 e6 3. e4 c5 4. Nf3 Nc6 5. d3 d5 6. Bg5 d4 7. Ne2 Be7 8. Ng3 Qa5+ 9. Bd2 Qc7 10. Be2 0-0 11. 0-0 Bd6 12. Ne1 Bf4 13. Qc1 e5 14. Bd1 Be6 15. Bxf4 exf4 16. Ne2 Nh5 17. Nxd4 Nxd4 18. Bxh5 Rad8 19. Nc2 Qe5 20. Nxd4 Qxh5 21. Nf3 Rxd3 22. Qxf4 Bxc4 23. Rfc1 Be6 24. Qg5 Qxg5 25. Nxg5 Rfd8 26. Nxe6 fxe6 27. f3 Rd2 28. b3 b6 29. Rf1 Kf7 30. Rf2 Kf6 31. f4 R8d4 32. Rxd2 Rxd2 33. g4 e5 34. f5 Kg5 35. h3 Kh4 36. Rf1 Rxa2 37. f6 gxf6 38. Rxf6 Kxh3 39. Rf5 Kg3 40. Kf1 Kxg4 41. Rxe5 Kf3 42. Kg1 Rg2+ 43. Kh1 Rb2 44. Re7 Rxb3 45. e5 Re3 46. e6 a5 47. Re8 Re2 48. e7 c4 0-1

[Event "EU-ch U14 27th"]
[Site "Mamaia"]
[Date "2017.09.07"]
[Round "3"]
[White "Lomandong, Marc Antoine"]
[Black "Fidalgo, Daniel Neves"]
[Result "1-0"]
[WhiteElo "2121"]
[BlackElo "1912"]
[PlyCount "73"]
[EventDate "2017.09.05"]
[EventType "swiss"]
[EventRounds "9"]
[EventCountry "ROU"]
[SourceTitle "CBM 180 Extra"]
[Source "ChessBase"]
[SourceDate "2017.10.06"]
[SourceVersion "1"]
[SourceVersionDate "2017.10.06"]
[SourceQuality "1"]

1. d4 d5 2. Nf3 Nf6 3. e3 c6 4. Bd3 Bg4 5. Nbd2 e6 6. c4 Nbd7 7. b3 Be7 8. Qc2 0-0 9. Bb2 Rc8 10. Ne5 Bh5 11. 0-0 c5 12. f4 dxc4 13. bxc4 cxd4 14. exd4 b5 15. Rae1 Bg6 16. Nxg6 hxg6 17. Qb1 bxc4 18. Nxc4 Nd5 19. Rf3 N7b6 20. Ne5 Bb4 21. Rd1 Nc3 22. Bxc3 Bxc3 23. Kh1 Nd5 24. Ba6 Rb8 25. Qe4 Rb6 26. Bc4 Nf6 27. Qe2 Bxd4 28. Rfd3 Rd6 29. Nxg6 fxg6 30. Bxe6+ Rf7 31. Bxf7+ Kxf7 32. Qc2 Ne4 33. Qc4+ Kf8 34. Rxd4 Nf2+ 35. Kg1 Nxd1 36. Qc5 Ke7 37. Qe5+ 1-0

[Event "EU-ch U14 27th"]
[Site "Mamaia"]
[Date "2017.09.06"]
[Round "2"]
[White "Fidalgo, Daniel Neves"]
[Black "Constantinou, Ivan"]
[Result "1-0"]
[WhiteElo "1912"]
[BlackElo "1588"]
[PlyCount "59"]
[EventDate "2017.09.05"]
[EventType "swiss"]
[EventRounds "9"]
[EventCountry "ROU"]
[SourceTitle "CBM 180 Extra"]
[Source "ChessBase"]
[SourceDate "2017.10.06"]
[SourceVersion "1"]
[SourceVersionDate "2017.10.06"]
[SourceQuality "1"]

1. c4 e5 2. g3 Nf6 3. Bg2 c6 4. d4 exd4 5. Qxd4 d5 6. cxd5 cxd5 7. Bg5 Nc6 8. Qd1 Be6 9. Nf3 h6 10. Bd2 Bc5 11. 0-0 0-0 12. Nc3 a6 13. Rc1 Qd7 14. a3 Rfd8 15. e3 b5 16. Ne2 Bb6 17. Bc3 Ne4 18. Bd4 Bc7 19. Qc2 Nxd4 20. Nfxd4 Rac8 21. Bxe4 dxe4 22. Qxe4 Bd5 23. Qf5 Qd6 24. Nf4 g6 25. Qxd5 Qxd5 26. Nxd5 Rxd5 27. Rc6 a5 28. Rfc1 Rd7 29. Nxb5 Rb8 30. Rxc7 1-0